LEADER 01970nas 2200625-a 450 001 996214897303316 005 20240202213016.0 011 $a1522-1563 035 $a(DE-599)ZDB1477334-X 035 $a(OCoLC)40070195 035 $a(CKB)954925523731 035 $a(CONSER)sn-98004859- 035 $a(EXLCZ)99954925523731 100 $a19981009a19779999 s-- a 101 0 $aeng 135 $aurcn||||||||| 181 $ctxt$2rdacontent 182 $cc$2rdamedia 183 $acr$2rdacarrier 200 10$aAmerican journal of physiology$iCell physiology 210 $aBethesda, MD $cAmerican Physiological Society$d[1977]- 215 $a1 online resource 300 $aRefereed/Peer-reviewed 300 $aTitle from journal homepage (publisher's version, viewed August 6, 2003). 311 $a0363-6143 517 3 $aCell physiology 517 1 $aAJP: Cell physiology 531 $aAM J PHYSIOL CELL PHYSIOL 531 $aAMER J PHYSIOL CELL PHYSIOL 531 $aAM J PHYSIOL CELL PH 531 $aAM J P CELL 531 $aAMERICAN JOURNAL OF PHYSIOLOGY 531 $aAM. J. PHYSIOL., CELL PHYSIOL 531 $aAM J PHYSIOL-CELL PH 531 $aCELL PH 531 $aAM. J. PHYSIOL.-CELL PHYSIOL 531 0 $aAm. j. physiol., Cell physiol. 606 $aCell physiology$vPeriodicals 606 $aCell Physiological Phenomena 606 $aCellules$xPhysiologie$vPériodiques 606 $aCell physiology$2fast$3(OCoLC)fst00850214 608 $aPeriodical. 608 $aComputer network resources. 608 $aPeriodicals.$2fast 608 $aPeriodicals.$2lcgft 615 0$aCell physiology 615 2$aCell Physiological Phenomena. 615 6$aCellules$xPhysiologie 615 7$aCell physiology. 676 $a612 712 02$aAmerican Physiological Society (1887- ), 906 $aJOURNAL 912 $a996214897303316 996 $aAmerican journal of physiology$9263814 997 $aUNISA LEADER 02121nas 2200745- 450 001 996231336203316 005 20230801213017.0 011 $a1619-3997 035 $a(DE-599)ZDB1467968-1 035 $a(OCoLC)43496614 035 $a(CKB)954925508341 035 $a(CONSER)---00227014- 035 $a(EXLCZ)99954925508341 100 $a20000222a19739999 s-- a 101 0 $aeng 135 $aurmnu|||||||| 181 $ctxt$2rdacontent 182 $cc$2rdamedia 183 $acr$2rdacarrier 200 00$aJournal of perinatal medicine 210 1$a[Berlin] :$cWalter de Gruyter 300 $aRefereed/Peer-reviewed 311 $a0300-5577 531 $aJ PERINATAL MED 531 $aJ PERINAT MED 531 $aJ PERIN MED 531 $aJ. PERINAT. MED 606 $aFetus$xDiseases$vPeriodicals 606 $aFetus$vPeriodicals 606 $aNewborn infants$xDiseases$vPeriodicals 606 $aFetal Diseases 606 $aFetus 606 $aInfant, Newborn, Diseases 606 $aF?tus$xMaladies 606 $aF?tus 606 $aNouveau-nés$xMaladies 606 $aFetus$2fast$3(OCoLC)fst00923427 606 $aFetus$xDiseases$2fast$3(OCoLC)fst00923438 606 $aNewborn infants$xDiseases$2fast$3(OCoLC)fst01432010 606 $aPränatale Medizin$2gnd 606 $aPerinatale geneeskunde$2gtt 608 $aPeriodical 608 $aPeriodicals.$2fast 608 $aPeriodicals.$2lcgft 608 $aKongress.$2swd 608 $aZeitschrift.$2swd 615 0$aFetus$xDiseases 615 0$aFetus 615 0$aNewborn infants$xDiseases 615 2$aFetal Diseases 615 2$aFetus 615 2$aInfant, Newborn, Diseases 615 6$aF?tus$xMaladies. 615 6$aF?tus. 615 6$aNouveau-nés$xMaladies. 615 7$aFetus. 615 7$aFetus$xDiseases. 615 7$aNewborn infants$xDiseases. 615 7$aPränatale Medizin 615 17$aPerinatale geneeskunde. 676 $a618.32 906 $aJOURNAL 912 $a996231336203316 996 $aJournal of perinatal medicine$9794535 997 $aUNISA LEADER 01896nam 22004933 450 001 9911028755003321 005 20250930085251.0 010 $a981-9506-69-7 035 $a(MiAaPQ)EBC32320852 035 $a(Au-PeEL)EBL32320852 035 $a(CKB)41018814300041 035 $a(OCoLC)1544974535 035 $a(EXLCZ)9941018814300041 100 $a20250930d2025 uy 0 101 0 $aeng 135 $aurcnu|||||||| 181 $ctxt$2rdacontent 182 $cc$2rdamedia 183 $acr$2rdacarrier 200 10$aHybrid Transnationalism and Repression $eTurkey's Diaspora under Authoritarian Islamist Siege 205 $a1st ed. 210 1$aSingapore :$cPalgrave Macmillan,$d2025. 210 4$d©2025. 215 $a1 online resource (355 pages) 225 1 $aPolitical Science and International Studies 311 08$a981-9506-68-9 330 $aThis book investigates how authoritarian regimes extend repression beyond borders by targeting diaspora communities.Focusing on the strategic fusion of soft, sharp, and hard power, it introduces the concept of hybrid transnationalism to explain Turkey's deployment of cultural diplomacy, religious outreach, surveillance, abductions, and legal. 410 0$aPolitical Science and International Studies 606 $aPOLITICAL SCIENCE / General$2bisacsh 606 $aPOLITICAL SCIENCE / World / Middle Eastern$2bisacsh 606 $aSOCIAL SCIENCE / Demography$2bisacsh 615 7$aPOLITICAL SCIENCE / General 615 7$aPOLITICAL SCIENCE / World / Middle Eastern 615 7$aSOCIAL SCIENCE / Demography 676 $a956.1042 700 $aY?lmaz$b I?hsan$01357622 701 $aKenes$b Bulent$01849204 801 0$bMiAaPQ 801 1$bMiAaPQ 801 2$bMiAaPQ 906 $aBOOK 912 $a9911028755003321 996 $aHybrid Transnationalism and Repression$94531293 997 $aUNINA